000 00735nam a2200217Ii 4500
003 JO-AjNU
008 230605s9999||||xx |||||||||||||| ||und||
040 _aJO-AjNU
_bara
_erda
_cJO-AjNU
041 _aara
050 1 4 _aBF721.T34.1999
100 3 _aالطيبي،عكاشة عبد المنان,
_eauthor
_912878
245 0 0 _aالخوف والقلق عند الأطفال
250 _aط1
264 3 1 _aبيروت:دار الجيل ، 1999
300 _a109ص
336 _atext
_btxt
_2rdacontent
337 _aunmediated
_bn
_2rdamedia
338 _avolume
_bnc
_2rdacarrier
490 0 _aموسوعة الطفل الصحية والنفسية
650 4 _aاطفال-رعاية وصحة-خوف-سيكولوجية-قلق
_912879
999 _aA3060
_c6628
_d6628